Welcome to the Holygrace Academy Library

Please use search bar below to get started

BORROWERS (Record no. 3608)

MARC details
000 -LEADER
fixed length control field 00613nam a22001457a 4500
020 ## - INTERNATIONAL STANDARD BOOK NUMBER
ISBN 0-140-38416-2
082 ## - DEWEY DECIMAL CLASSIFICATION NUMBER
Classification number 823
Item number NOR/C
100 ## - MAIN ENTRY--AUTHOR NAME
Personal name NORTON, MARY
245 ## - TITLE STATEMENT
Title BORROWERS
260 ## - PUBLICATION, DISTRIBUTION, ETC. (IMPRINT)
Place of publication ENGLAND
Name of publisher PUFFIN BOOKS
Year of publication 1997
300 ## - PHYSICAL DESCRIPTION
Number of Pages 711
520 ## - SUMMARY, ETC.
Summary, etc Borrowers are tiny people who live under the floorboards and survive by borrowing from the big people in the house. When the Clocks are discovered by the big people, they must find a new home before the exterminator gets them. This classic has survived for half a century because it charms young and old alike.
650 ## - SUBJECT ADDED ENTRY--TOPICAL TERM
Topical Term NOVEL
Geographic subdivision UNITED KINGDOM
942 ## - ADDED ENTRY ELEMENTS (KOHA)
Koha item type Books
Holdings
Withdrawn status Lost status Collection code Home library Current library Shelving location Date acquired Source of acquisition Full call number Accession Number Koha item type
    Fiction Main Library Main Library SHELF-14-I- ALPHABETICAL N,O --ENGLISH NOVELS & FICTIONS 13/02/2014 purchase 823 NOR/C 07899 Books